[Event "CHN-chT 2nd"]
[Site "China"]
[Date "2006.04.25"]
[Round "4"]
[White "Bu, Xiangzhi"]
[Black "Peng, Xiaomin"]
[Result "1-0"]
[WhiteElo "2640"]
[BlackElo "2590"]
[PlyCount "84"]
[EventDate "2006.04.04"]
[EventType "team-tourn"]
[EventRounds "18"]
[EventCountry "CHN"]
[SourceTitle "EXT 2017"]
[Source "ChessBase"]
[SourceDate "2016.10.25"]
[SourceVersion "1"]
[SourceVersionDate "2016.10.25"]
[SourceQuality "1"]
[WhiteTeam "Shandong"]
[BlackTeam "Heibei"]
[WhiteTeamCountry "CHN"]
[BlackTeamCountry "CHN"]

1. c4 Nf6 2. Nc3 g6 3. g3 Bg7 4. Bg2 0-0 5. d4 c6 6. e4 d6 7. Nge2 e5 8. 0-0 Nbd7 9. h3 exd4 10. Nxd4 Re8 11. Re1 Qa5 12. Be3 Ne5 13. Qe2 Qb4 14. Bf1 Be6 15. Nxe6 Rxe6 16. a3 Qb3 17. Qd1 Qxd1 18. Rexd1 a6 19. Kg2 c5 20. f3 Rb8 21. Kf2 Nc6 22. h4 Rd8 23. Rd2 Nd7 24. Nd5 Nd4 25. Rad1 Nb8 26. Bh3 f5 27. exf5 gxf5 28. Bxd4 Bxd4+ 29. Rxd4 cxd4 30. Bxf5 Re5 31. f4 Rf8 32. fxe5 Rxf5+ 33. Kg1 Rxe5 34. Rxd4 Re2 35. Re4 Rxe4 36. Nf6+ Kf7 37. Nxe4 Nc6 38. Kf2 Ke7 39. Ke3 h6 40. c5 d5 41. Nd6 Ke6 42. Nxb7 Ke5 1-0

[Event "CHN-chT Torch Real Estate Cup"]
[Site "Wuxi"]
[Date "2005.05.12"]
[Round "11"]
[White "Wang, Wenhao"]
[Black "Peng, Xiaomin"]
[Result "0-1"]
[WhiteElo "2387"]
[BlackElo "2590"]
[PlyCount "106"]
[EventDate "2005.05.08"]
[EventType "team-tourn"]
[EventRounds "13"]
[EventCountry "CHN"]
[SourceTitle "CBM 106 Extra"]
[Source "ChessBase"]
[SourceDate "2005.07.01"]
[SourceVersion "1"]
[SourceVersionDate "2005.07.01"]
[SourceQuality "1"]

1. e4 e5 2. Nf3 Nc6 3. Bb5 a6 4. Ba4 Nf6 5. 0-0 b5 6. Bb3 d6 7. a4 Bg4 8. c3 Na5 9. Bc2 c5 10. Qe2 b4 11. h3 Bxf3 12. Qxf3 Be7 13. Rd1 Qc7 14. b3 0-0 15. Bb2 Rab8 16. cxb4 Rxb4 17. Bc3 Nxb3 18. Ra2 Nd4 19. Bxd4 cxd4 20. Bd3 Rfb8 21. a5 Rb3 22. Qe2 Nd7 23. Qf1 Nc5 24. Bc4 Rb2 25. Rxb2 Rxb2 26. Na3 Qxa5 27. Bxf7+ Kxf7 28. Nc4 Qb5 29. Nxb2 Qxb2 30. f4 Qb5 31. Qf3 Kg8 32. fxe5 dxe5 33. Qf5 Qb8 34. Rf1 Bf6 35. Rc1 Qf8 36. Qf1 Be7 37. Qc4+ Qf7 38. Qb4 Qf2+ 39. Kh1 Qf8 40. Rg1 h6 41. Rf1 Qc8 42. Rf5 Bf6 43. Qc4+ Kh8 44. Rf1 Qf8 45. Qd5 Nd3 46. Qe6 a5 47. Qa6 Nc5 48. Qxa5 Nxe4 49. Qd5 Nxd2 50. Ra1 Kh7 51. Ra8 Qb4 52. h4 Qb1+ 53. Kh2 Nf1+ 0-1

[Event "Jinan Torch Cup"]
[Site "Jinan"]
[Date "2005.04.21"]
[Round "2"]
[White "Peng, Xiaomin"]
[Black "Wu, Wenjin"]
[Result "1-0"]
[WhiteElo "2590"]
[BlackElo "2535"]
[PlyCount "135"]
[EventDate "2005.04.20"]
[EventType "team-tourn"]
[EventRounds "9"]
[EventCountry "CHN"]
[SourceTitle "CBM 106 Extra"]
[Source "ChessBase"]
[SourceDate "2005.07.01"]
[SourceVersion "1"]
[SourceVersionDate "2005.07.01"]
[SourceQuality "1"]

1. e4 c5 2. Nf3 Nc6 3. Bb5 e6 4. 0-0 Nge7 5. b3 a6 6. Bxc6 Nxc6 7. Bb2 b5 8. c4 bxc4 9. bxc4 Qb6 10. Bc3 Nd4 11. Na3 Bb7 12. d3 Nxf3+ 13. Qxf3 Qc7 14. Qh5 h6 15. Rab1 Bc6 16. Nc2 Rg8 17. Ne3 g6 18. Qh4 Qd8 19. Bf6 g5 20. Bxd8 gxh4 21. Bxh4 Bg7 22. Rb6 Bd4 23. Nc2 Bc3 24. f3 Ba4 25. Ne3 h5 26. Kf2 f6 27. Ke2 Kf7 28. Rfb1 Be5 29. g3 Bc7 30. Rb7 Rab8 31. Rxb8 Rxb8 32. Rxb8 Bxb8 33. h3 Kg6 34. f4 Kf7 35. Kf3 Bc7 36. g4 hxg4+ 37. hxg4 Ba5 38. Ke2 Bc3 39. Bf2 d6 40. Nd1 Ba1 41. Kd2 Ke7 42. Be3 Kf7 43. Nf2 Ke7 44. Nh1 Bb2 45. Ng3 Ba3 46. Nh5 Bb4+ 47. Ke2 Bc3 48. Bd2 Bb2 49. Ba5 Bc6 50. Ng3 Bc1 51. Bd2 Bb2 52. Nf1 Bd4 53. Be3 Bc3 54. Ng3 Ba4 55. Bd2 Bb2 56. Ba5 Bc1 57. Nh5 Be8 58. f5 exf5 59. exf5 Bb2 60. Nf4 Bc6 61. Nd5+ Kf7 62. Bd2 Be5 63. Kf3 Ba4 64. Ke2 Bc6 65. Bh6 Ke8 66. Ke3 Ba4 67. Bf4 Bd4+ 68. Kd2 1-0

[Event "CHN-chT"]
[Site "Tianjing"]
[Date "2003.09.02"]
[Round "3"]
[White "Peng, Xiaomin"]
[Black "Wu, Wenjin"]
[Result "1-0"]
[WhiteElo "2596"]
[BlackElo "2531"]
[PlyCount "65"]
[EventDate "2003.08.31"]
[EventType "team-tourn"]
[EventRounds "9"]
[EventCountry "CHN"]
[SourceTitle "EXT 2004"]
[Source "ChessBase"]
[SourceDate "2003.11.25"]
[SourceVersion "1"]
[SourceVersionDate "2003.11.25"]
[SourceQuality "1"]

1. e4 c5 2. Nf3 Nc6 3. Bb5 e6 4. 0-0 Nge7 5. b3 a6 6. Bxc6 Nxc6 7. Bb2 b6 8. c4 Bb7 9. Re1 Qc7 10. d4 cxd4 11. Nxd4 Bd6 12. Nxc6 Bxc6 13. Qh5 0-0 14. Nd2 f6 15. Rad1 Qb7 16. Qh4 Rf7 17. Re3 b5 18. Rh3 h6 19. Qg4 Kh8 20. Nf3 Bb4 21. a3 Ba5 22. Qg6 Kg8 23. Rxh6 Bxe4 24. Rh8+ Kxh8 25. Qxf7 d6 26. Qxe6 bxc4 27. Qxc4 d5 28. Qa4 Bc2 29. Rc1 Qxb3 30. Qxa5 Qxb2 31. Qd2 Rc8 32. Ne1 Re8 33. Nd3 1-0

[Event "CHN-RUS Summit Men 1st"]
[Site "Shanghai"]
[Date "2001.09.09"]
[Round "3"]
[White "Dreev, Alexey"]
[Black "Peng, Xiaomin"]
[Result "1/2-1/2"]
[WhiteElo "2690"]
[BlackElo "2629"]
[PlyCount "79"]
[EventDate "2001.09.07"]
[EventType "schev"]
[EventRounds "6"]
[EventCountry "CHN"]
[SourceTitle "CBM 085"]
[Source "ChessBase"]
[SourceDate "2001.11.13"]
[SourceVersion "1"]
[SourceVersionDate "2001.11.13"]
[SourceQuality "1"]

1. d4 Nf6 2. c4 g6 3. Nc3 d5 4. Nf3 Bg7 5. Bf4 0-0 6. Rc1 dxc4 7. e4 Bg4 8. Bxc4 Nh5 9. Bg5 Bxf3 10. Qxf3 Qxd4 11. Nd5 Nc6 12. Nxe7+ Nxe7 13. Bxe7 Nf6 14. Bxf8 Rxf8 15. 0-0 Qxb2 16. e5 Ne8 17. Rfe1 Bxe5 18. Rb1 Qd4 19. Qd5 Qxd5 20. Bxd5 Bd4 21. Bxb7 Nd6 22. Bc6 h5 23. g3 Bb6 24. Kg2 Kg7 25. a4 Rd8 26. Red1 Kf6 27. Rd5 a5 28. h3 Ke7 29. Re1+ Kf6 30. Re2 Rh8 31. Rd3 Rd8 32. Rf3+ Kg7 33. Re7 Kf8 34. Rd7 Rxd7 35. Bxd7 Ke7 36. Bc6 Nf5 37. Bd5 Bd4 38. Kf1 c5 39. Rb3 Nd6 40. Rb8 1/2-1/2

[Event "CHN-RUS Summit Men 1st"]
[Site "Shanghai"]
[Date "2001.09.08"]
[Round "2"]
[White "Rublevsky, Sergei"]
[Black "Peng, Xiaomin"]
[Result "0-1"]
[WhiteElo "2639"]
[BlackElo "2629"]
[PlyCount "80"]
[EventDate "2001.09.07"]
[EventType "schev"]
[EventRounds "6"]
[EventCountry "CHN"]
[SourceTitle "CBM 085"]
[Source "ChessBase"]
[SourceDate "2001.11.13"]
[SourceVersion "1"]
[SourceVersionDate "2001.11.13"]
[SourceQuality "1"]

1. e4 e5 2. Nf3 Nc6 3. d4 exd4 4. Nxd4 Bc5 5. Nxc6 Qf6 6. Qd2 dxc6 7. Nc3 Bd4 8. Bd3 Ne7 9. 0-0 Ng6 10. Kh1 Ne5 11. Be2 Ng4 12. Nd1 0-0 13. h3 Rd8 14. Bxg4 Bxg4 15. hxg4 Qh4+ 16. Kg1 Bxb2 17. Qxd8+ Rxd8 18. Bxb2 Qxg4 19. Re1 h5 20. Be5 Re8 21. f4 f6 22. Nf2 Qe6 23. Bxc7 Qe7 24. Ba5 Qc5 25. Bd2 Qxc2 26. Be3 Qa4 27. Bc5 b6 28. Bd6 c5 29. Re2 c4 30. Rc1 Qc6 31. e5 b5 32. Ne4 a5 33. f5 fxe5 34. f6 Re6 35. Rf1 Rxd6 36. Nxd6 Qxd6 37. f7+ Kf8 38. Rf5 g6 39. Rfxe5 c3 40. Re6 c2 0-1

[Event "Asia-ch"]
[Site "Kolkata"]
[Date "2001.08.14"]
[Round "7"]
[White "Odeev, Handszar"]
[Black "Peng, Xiaomin"]
[Result "1/2-1/2"]
[WhiteElo "2479"]
[BlackElo "2629"]
[PlyCount "123"]
[EventDate "2001.08.09"]
[EventType "swiss"]
[EventRounds "11"]
[EventCountry "IND"]
[SourceTitle "CBM 085"]
[Source "ChessBase"]
[SourceDate "2001.11.13"]
[SourceVersion "1"]
[SourceVersionDate "2001.11.13"]
[SourceQuality "1"]

1. e4 e5 2. Nf3 Nc6 3. Bb5 a6 4. Ba4 Nf6 5. 0-0 Be7 6. Re1 b5 7. Bb3 d6 8. a4 Bd7 9. a5 0-0 10. c3 h6 11. d4 Re8 12. Nbd2 Bf8 13. h3 exd4 14. cxd4 Nb4 15. e5 dxe5 16. dxe5 Nfd5 17. Ne4 Be6 18. Bd2 c5 19. Bc2 c4 20. Bb1 Qc7 21. Qe2 Rad8 22. Ng3 Nd3 23. Bxd3 cxd3 24. Qe4 Qc4 25. Rac1 Qxe4 26. Nxe4 Nb4 27. Nc5 Nc2 28. Nxe6 Rxe6 29. Red1 Rd5 30. Kf1 b4 31. Be3 Rc6 32. Bb6 Be7 33. h4 b3 34. Nd2 Bb4 35. Nxb3 d2 36. Rb1 Rc4 37. g3 Re4 38. Kg2 Rexe5 39. Na1 Ne1+ 40. Kf1 Rd3 41. Bc7 Re7 42. Bf4 f5 43. Be3 Re5 44. Ke2 g5 45. Nc2 Rdxe3+ 46. Nxe3 f4 47. Rxd2 Bxd2 48. Kxd2 Nf3+ 49. Ke2 Nh2 50. gxf4 gxf4 51. Rh1 Ng4 52. Kf3 fxe3 53. Kxg4 exf2 54. Rf1 Re2 55. Kg3 Rxb2 56. Rxf2 Rb5 57. Rf6 Rxa5 58. Rxh6 Ra1 59. Kf3 a5 60. Ke3 a4 61. Kd3 a3 62. Kc3 1/2-1/2

[Event "Asia-ch"]
[Site "Kolkata"]
[Date "2001.08.13"]
[Round "5"]
[White "Thipsay, Praveen Mahadeo"]
[Black "Peng, Xiaomin"]
[Result "1/2-1/2"]
[WhiteElo "2453"]
[BlackElo "2629"]
[PlyCount "132"]
[EventDate "2001.08.09"]
[EventType "swiss"]
[EventRounds "11"]
[EventCountry "IND"]
[SourceTitle "CBM 085"]
[Source "ChessBase"]
[SourceDate "2001.11.13"]
[SourceVersion "1"]
[SourceVersionDate "2001.11.13"]
[SourceQuality "1"]

1. e4 e5 2. Nf3 Nc6 3. Bb5 a6 4. Ba4 Nf6 5. 0-0 b5 6. Bb3 Bb7 7. d3 Bd6 8. a4 0-0 9. Nc3 b4 10. Ne2 Na5 11. Ba2 h6 12. Ng3 Re8 13. Nd2 Bf8 14. Re1 d5 15. exd5 Bxd5 16. Bxd5 Qxd5 17. Nde4 Re6 18. b3 c5 19. Bb2 Nc6 20. Nf5 Qd7 21. Nxf6+ Rxf6 22. Ne3 Re8 23. Nc4 Rfe6 24. Re2 g6 25. Qf1 Bg7 26. Rae1 f5 27. f3 Nd4 28. Bxd4 cxd4 29. g4 Kh7 30. Qh3 Qf7 31. Qg3 Qe7 32. Kh1 Qb7 33. Rg2 Rf8 34. Reg1 fxg4 35. Qxg4 Qf7 36. Nd2 Rc6 37. Qe4 Rf6 38. Rg3 Qe6 39. Nc4 Re8 40. R1g2 Re7 41. Kg1 Qc6 42. Re2 Qxe4 43. Rxe4 Rfe6 44. Rg2 h5 45. Rge2 Bh6 46. Kg2 Bf4 47. Re1 g5 48. h3 Kg6 49. R4e2 Kf5 50. Rh1 Rg7 51. Kf1 Reg6 52. Rg2 Rg8 53. Kf2 Rc8 54. Rhg1 Rxc4 55. bxc4 Be3+ 56. Ke2 Bxg1 57. Rxg1 Kf4 58. Kf2 Rc6 59. Rb1 g4 60. hxg4 hxg4 61. fxg4 e4 62. dxe4 Rxc4 63. Ke2 Kxe4 64. Kd2 Kf4 65. a5 Kxg4 66. Kd3 Rc5 1/2-1/2

[Event "Asia-ch"]
[Site "Kolkata"]
[Date "2001.08.11"]
[Round "3"]
[White "Zhang, Pengxiang"]
[Black "Peng, Xiaomin"]
[Result "1/2-1/2"]
[WhiteElo "2487"]
[BlackElo "2629"]
[PlyCount "45"]
[EventDate "2001.08.09"]
[EventType "swiss"]
[EventRounds "11"]
[EventCountry "IND"]
[SourceTitle "CBM 085"]
[Source "ChessBase"]
[SourceDate "2001.11.13"]
[SourceVersion "1"]
[SourceVersionDate "2001.11.13"]
[SourceQuality "1"]

1. e4 e5 2. Nf3 Nc6 3. Bc4 Nf6 4. d3 Bc5 5. 0-0 a6 6. c3 d6 7. Bb3 0-0 8. Nbd2 Ba7 9. h3 h6 10. Re1 Nh5 11. Nf1 Qf6 12. Ne3 Nf4 13. Ng4 Qg6 14. Bxf4 exf4 15. Nh4 Qg5 16. Nf3 Bxg4 17. hxg4 Qxg4 18. d4 Ne7 19. e5 d5 20. Qd2 Rad8 21. Nh2 Qg5 22. Nf3 Qg4 23. Nh2 1/2-1/2

[Event "Tan Chin Nam Cup 7th"]
[Site "Shanghai"]
[Date "2001.07.14"]
[Round "6"]
[White "Peng, Xiaomin"]
[Black "Dreev, Alexey"]
[Result "1/2-1/2"]
[WhiteElo "2648"]
[BlackElo "2690"]
[PlyCount "67"]
[EventDate "2001.07.09"]
[EventType "tourn"]
[EventRounds "9"]
[EventCountry "CHN"]
[EventCategory "16"]
[SourceTitle "CBM 085"]
[Source "ChessBase"]
[SourceDate "2001.11.13"]
[SourceVersion "1"]
[SourceVersionDate "2001.11.13"]
[SourceQuality "1"]

1. e4 c6 2. c4 d5 3. exd5 Nf6 4. Nc3 cxd5 5. cxd5 Nxd5 6. Nf3 Nxc3 7. bxc3 g6 8. d4 Bg7 9. Bd3 Nc6 10. 0-0 0-0 11. Re1 b6 12. Bf4 Bb7 13. h4 Qd7 14. Qd2 Rfe8 15. Rad1 Rad8 16. Bh6 Bf6 17. Qf4 Qd6 18. Ne5 Nxe5 19. dxe5 Qc6 20. Be4 Rxd1 21. Rxd1 Qxe4 22. Qxe4 Bxe4 23. exf6 exf6 24. Rd7 a5 25. Rd6 b5 26. f3 Bf5 27. a3 Be6 28. Kf2 Bc4 29. g4 a4 30. Kg3 Be6 31. Rb6 Bc4 32. Kf4 Bd3 33. Rxf6 Re6 34. Rxe6 1/2-1/2

[Event "Tan Chin Nam Cup 7th"]
[Site "Shanghai"]
[Date "2001.07.13"]
[Round "5"]
[White "Peng, Xiaomin"]
[Black "Ni, Hua"]
[Result "1/2-1/2"]
[WhiteElo "2648"]
[BlackElo "2528"]
[PlyCount "56"]
[EventDate "2001.07.09"]
[EventType "tourn"]
[EventRounds "9"]
[EventCountry "CHN"]
[EventCategory "16"]
[SourceTitle "CBM 085"]
[Source "ChessBase"]
[SourceDate "2001.11.13"]
[SourceVersion "1"]
[SourceVersionDate "2001.11.13"]
[SourceQuality "1"]

1. e4 c5 2. Nf3 Nc6 3. Bb5 g6 4. Bxc6 dxc6 5. d3 Bg7 6. h3 b6 7. Nc3 e5 8. 0-0 Ne7 9. a3 a5 10. Be3 h6 11. Na4 Rb8 12. Qd2 f5 13. exf5 Nxf5 14. b4 axb4 15. axb4 e4 16. Rae1 0-0 17. dxe4 Nxe3 18. Qxe3 cxb4 19. Rd1 Qc7 20. Qb3+ Kh7 21. Qxb4 Bxh3 22. Qd6 Qxd6 23. Rxd6 Bg4 24. Rfd1 Bxf3 25. gxf3 Rxf3 26. Rxc6 Rbf8 27. Rd7 Rxf2 28. Rcc7 Rf1+ 1/2-1/2

[Event "Tan Chin Nam Cup 7th"]
[Site "Shanghai"]
[Date "2001.07.12"]
[Round "4"]
[White "Bologan, Viktor"]
[Black "Peng, Xiaomin"]
[Result "1-0"]
[WhiteElo "2655"]
[BlackElo "2648"]
[PlyCount "109"]
[EventDate "2001.07.09"]
[EventType "tourn"]
[EventRounds "9"]
[EventCountry "CHN"]
[EventCategory "16"]
[SourceTitle "CBM 085"]
[Source "ChessBase"]
[SourceDate "2001.11.13"]
[SourceVersion "1"]
[SourceVersionDate "2001.11.13"]
[SourceQuality "1"]

1. e4 e5 2. Nf3 Nc6 3. Bb5 a6 4. Ba4 Nf6 5. 0-0 Be7 6. Re1 b5 7. Bb3 d6 8. c3 0-0 9. h3 Na5 10. Bc2 c5 11. d4 Qc7 12. Nbd2 cxd4 13. cxd4 Bd7 14. Nf1 Rac8 15. Ne3 Nc6 16. d5 Nb4 17. Bb1 a5 18. a3 Na6 19. b4 g6 20. Bd2 Nh5 21. Bd3 Qb7 22. Nc2 Bd8 23. Bh6 Ng7 24. Qd2 axb4 25. axb4 Bb6 26. Rab1 Nc7 27. Na1 f5 28. Nb3 fxe4 29. Bxe4 Bf5 30. Bxf5 Rxf5 31. Rbc1 Rxf3 32. gxf3 Nf5 33. Rc6 Nxh6 34. Qxh6 Nxd5 35. Rxd6 Nf4 36. Nd2 Rf8 37. Ne4 Bd8 38. Red1 Ne2+ 39. Kg2 Nd4 40. R1xd4 exd4 41. Rxd4 Qf7 42. Rd3 Be7 43. Qd2 Qf4 44. Qc3 Qf5 45. Qd2 Qf4 46. Qd1 Bf6 47. Rd5 Rb8 48. Qd3 Be5 49. Ng3 Qf6 50. Rxb5 Bxg3 51. Kxg3 Rd8 52. Qc4+ Kh8 53. Rd5 Rf8 54. Qe4 Kg7 55. b5 1-0

[Event "Tan Chin Nam Cup 7th"]
[Site "Shanghai"]
[Date "2001.07.09"]
[Round "1"]
[White "Peng, Xiaomin"]
[Black "Krasenkow, Michal"]
[Result "1/2-1/2"]
[WhiteElo "2648"]
[BlackElo "2573"]
[PlyCount "70"]
[EventDate "2001.07.09"]
[EventType "tourn"]
[EventRounds "9"]
[EventCountry "CHN"]
[EventCategory "16"]
[SourceTitle "CBM 085"]
[Source "ChessBase"]
[SourceDate "2001.11.13"]
[SourceVersion "1"]
[SourceVersionDate "2001.11.13"]
[SourceQuality "1"]

1. e4 c5 2. Nf3 Nc6 3. Bb5 e6 4. Bxc6 bxc6 5. d3 Ne7 6. 0-0 Ng6 7. Ng5 e5 8. Qh5 Qe7 9. Nc3 d6 10. a3 h6 11. Nh3 Nh4 12. f4 g6 13. Qe2 Bxh3 14. gxh3 Bg7 15. Kh1 f5 16. exf5 Nxf5 17. fxe5 Bxe5 18. Qg2 0-0 19. Qxg6+ Qg7 20. Qxg7+ Bxg7 21. Bf4 Rab8 22. Na4 Bxb2 23. Bxd6 Nxd6 24. Rxf8+ Kxf8 25. Rb1 Rb5 26. Nxb2 Ke7 27. Re1+ Kd7 28. Nc4 Nxc4 29. dxc4 Rb2 30. Re5 Rxc2 31. Rxc5 Kc7 32. Rh5 Rxc4 33. Rxh6 c5 34. Kg2 Ra4 35. Kf3 Rxa3+ 1/2-1/2

[Event "Hebei zt 3.3"]
[Site "Hebei"]
[Date "2001.04.24"]
[Round "8"]
[White "Peng, Xiaomin"]
[Black "Liang, Jinrong"]
[Result "1/2-1/2"]
[WhiteElo "2648"]
[BlackElo "2490"]
[PlyCount "73"]
[EventDate "2001.04.16"]
[EventType "tourn"]
[EventRounds "13"]
[EventCountry "CHN"]
[EventCategory "12"]
[SourceTitle "EXT 2002"]
[Source "ChessBase"]
[SourceDate "2001.11.25"]
[SourceVersion "1"]
[SourceVersionDate "2001.11.25"]
[SourceQuality "1"]

1. e4 c5 2. Nf3 e6 3. c4 Nc6 4. Nc3 Nf6 5. Be2 e5 6. d3 Be7 7. 0-0 0-0 8. a3 d6 9. Rb1 a5 10. Ne1 Ne8 11. Nc2 Bg5 12. b4 axb4 13. axb4 Bxc1 14. Qxc1 b6 15. Nd5 Nf6 16. Nxf6+ Qxf6 17. b5 Nd4 18. Nxd4 exd4 19. Ra1 Bb7 20. Qb2 Qe6 21. Bf3 Qd7 22. Be2 f5 23. f3 fxe4 24. fxe4 Qe7 25. Rxa8 Rxa8 26. Bg4 Bc8 27. Bxc8 Rxc8 28. Qf2 Rf8 29. Qxf8+ Qxf8 30. Rxf8+ Kxf8 31. Kf2 Kf7 32. Kf3 Kf6 33. Kg4 g6 34. h3 h6 35. Kf4 Ke6 36. g3 Kf6 37. g4 1/2-1/2

[Event "Hebei zt 3.3"]
[Site "Hebei"]
[Date "2001.04.19"]
[Round "4"]
[White "Peng, Xiaomin"]
[Black "Zhang, Zhong"]
[Result "1-0"]
[WhiteElo "2648"]
[BlackElo "2632"]
[PlyCount "77"]
[EventDate "2001.04.16"]
[EventType "tourn"]
[EventRounds "13"]
[EventCountry "CHN"]
[EventCategory "12"]
[SourceTitle "EXT 2002"]
[Source "ChessBase"]
[SourceDate "2001.11.25"]
[SourceVersion "1"]
[SourceVersionDate "2001.11.25"]
[SourceQuality "1"]

1. e4 c5 2. Nf3 e6 3. d4 cxd4 4. Nxd4 Nf6 5. Nc3 Nc6 6. Nxc6 bxc6 7. e5 Nd5 8. Ne4 Bb7 9. c4 Nb4 10. c5 Ba6 11. Bxa6 Nxa6 12. Qd4 Be7 13. 0-0 Rb8 14. Bd2 0-0 15. Rad1 Nc7 16. Ba5 Qc8 17. Nf6+ Bxf6 18. exf6 Nd5 19. fxg7 Re8 20. Rd3 f6 21. Qh4 Re7 22. Bc3 e5 23. f4 exf4 24. Bxf6 Nxf6 25. Qxf6 Rf7 26. Qd4 a5 27. a3 Qb7 28. Rd2 Qb5 29. Rdf2 Re8 30. b4 axb4 31. axb4 Rxg7 32. Qxf4 Qb8 33. Qd4 h6 34. Rf6 Qb5 35. Rxh6 Qe2 36. g3 Re4 37. Qf6 Qe3+ 38. Kg2 Re8 39. Rh4 1-0

[Event "Hebei zt 3.3"]
[Site "Hebei"]
[Date "2001.04.18"]
[Round "3"]
[White "Bu, Xiangzhi"]
[Black "Peng, Xiaomin"]
[Result "1/2-1/2"]
[WhiteElo "2558"]
[BlackElo "2648"]
[PlyCount "56"]
[EventDate "2001.04.16"]
[EventType "tourn"]
[EventRounds "13"]
[EventCountry "CHN"]
[EventCategory "12"]
[SourceTitle "EXT 2002"]
[Source "ChessBase"]
[SourceDate "2001.11.25"]
[SourceVersion "1"]
[SourceVersionDate "2001.11.25"]
[SourceQuality "1"]

1. d4 Nf6 2. c4 g6 3. Nc3 d5 4. Nf3 Bg7 5. Bf4 0-0 6. e3 c5 7. dxc5 Qa5 8. Rc1 dxc4 9. Bxc4 Qxc5 10. Qd4 Qa5 11. Qe5 Nc6 12. Qxa5 Nxa5 13. Be2 Be6 14. Nd4 Bd7 15. 0-0 Rac8 16. Be5 Nc6 17. Nxc6 Bxc6 18. Nb5 Bxb5 19. Bxb5 Ne4 20. Bxg7 Kxg7 21. Bd3 Nc5 22. Bc2 Rfd8 23. Rcd1 f5 24. f3 Kf6 25. Kf2 Nd7 26. Bb3 Nc5 27. Bc2 Nd7 28. Bb3 Nc5 1/2-1/2

[Event "Hebei zt 3.3"]
[Site "Hebei"]
[Date "2001.04.17"]
[Round "2"]
[White "Peng, Xiaomin"]
[Black "Wang, Rui"]
[Result "1/2-1/2"]
[WhiteElo "2648"]
[BlackElo "2526"]
[PlyCount "146"]
[EventDate "2001.04.16"]
[EventType "tourn"]
[EventRounds "13"]
[EventCountry "CHN"]
[EventCategory "12"]
[SourceTitle "EXT 2002"]
[Source "ChessBase"]
[SourceDate "2001.11.25"]
[SourceVersion "1"]
[SourceVersionDate "2001.11.25"]
[SourceQuality "1"]

1. e4 d6 2. d4 Nf6 3. Nc3 g6 4. Nf3 Bg7 5. Be2 0-0 6. 0-0 Bg4 7. h3 Bxf3 8. Bxf3 Nc6 9. Ne2 e5 10. c3 Kh8 11. Ng3 Ng8 12. dxe5 dxe5 13. Qc2 Qe7 14. b4 Nd8 15. Be3 Ne6 16. Rad1 a5 17. a3 Bh6 18. Bxh6 Nxh6 19. Qd2 Ng8 20. Qd5 Nd8 21. Qd7 Re8 22. Qa4 Nf6 23. Be2 Ne6 24. Qb5 axb4 25. axb4 c5 26. Bc4 cxb4 27. Qxe5 Kg7 28. cxb4 Qxb4 29. Bd5 Qe7 30. Rb1 Nc5 31. Qg5 Kh8 32. Bxf7 Qxf7 33. Qxc5 Nxe4 34. Qd4+ Nf6 35. f3 Qg7 36. Rb6 Rf8 37. Rfb1 Rf7 38. Ne2 Rc8 39. Nf4 Nh5 40. Qxg7+ Nxg7 41. Nd5 Rc5 42. Rxb7 Rxb7 43. Rxb7 Rxd5 44. Rb8+ Ne8 45. Rxe8+ Kg7 46. Re7+ Kg8 47. Kf2 Rd2+ 48. Kg3 h5 49. f4 Kf8 50. Ra7 Rb2 51. f5 gxf5 52. Rh7 h4+ 53. Rxh4 Kg7 54. Rd4 Kg6 55. Kf3 Rb8 56. Kg3 Rb2 57. Rd6+ Kh5 58. Re6 Ra2 59. Kf3 Kg5 60. g3 Ra3+ 61. Re3 Ra4 62. Rb3 Rc4 63. h4+ Kf6 64. Rb6+ Kg7 65. Rd6 Ra4 66. Rd2 Kf6 67. Rf2 Rb4 68. Rc2 Ra4 69. Rc6+ Kg7 70. h5 Rg4 71. Rd6 Rg5 72. h6+ Kh7 73. Rf6 Rg8 1/2-1/2

[Event "CHN-chT"]
[Site "Suzhou"]
[Date "2001.03.27"]
[Round "2"]
[White "Peng, Xiaomin"]
[Black "Wang, Wenhao"]
[Result "1/2-1/2"]
[WhiteElo "2648"]
[BlackElo "2404"]
[PlyCount "55"]
[EventDate "2001.03.02"]
[EventType "team-tourn"]
[EventRounds "10"]
[EventCountry "CHN"]
[SourceTitle "EXT 2002"]
[Source "ChessBase"]
[SourceDate "2001.11.25"]
[SourceVersion "1"]
[SourceVersionDate "2001.11.25"]
[SourceQuality "1"]

1. e4 c5 2. Nf3 d6 3. d4 cxd4 4. Nxd4 Nf6 5. Nc3 g6 6. Be2 Bg7 7. g4 Bxg4 8. Bxg4 Nxg4 9. Qxg4 Bxd4 10. Bd2 Nc6 11. 0-0-0 Qd7 12. Qg3 0-0-0 13. Kb1 Kb8 14. Bh6 Bxc3 15. Qxc3 Qe6 16. Rhe1 Rc8 17. f4 Rhd8 18. b3 f5 19. Qh3 Qf7 20. Bg5 d5 21. exf5 gxf5 22. Qe3 Rd7 23. Qe6 Qxe6 24. Rxe6 Rg8 25. h4 Rg6 26. Re2 Kc7 27. Rde1 Rg7 28. Kc1 1/2-1/2

[Event "CHN-chT"]
[Site "Suzhou"]
[Date "2001.03.26"]
[Round "1"]
[White "Li, Yuanlu"]
[Black "Peng, Xiaomin"]
[Result "0-1"]
[WhiteElo "2244"]
[BlackElo "2648"]
[PlyCount "86"]
[EventDate "2001.03.02"]
[EventType "team-tourn"]
[EventRounds "10"]
[EventCountry "CHN"]
[SourceTitle "EXT 2002"]
[Source "ChessBase"]
[SourceDate "2001.11.25"]
[SourceVersion "1"]
[SourceVersionDate "2001.11.25"]
[SourceQuality "1"]

1. e4 e5 2. Nf3 Nc6 3. Bc4 Bc5 4. d3 Nf6 5. 0-0 d6 6. h3 a6 7. a4 Be6 8. Nbd2 0-0 9. Ng5 Bd7 10. c3 h6 11. Ngf3 Ba7 12. a5 Ne7 13. Re1 Ng6 14. Nf1 c6 15. d4 exd4 16. Nxd4 Nxe4 17. Rxe4 d5 18. Bxd5 cxd5 19. Re1 Bb8 20. Ng3 Bc7 21. Qh5 Re8 22. Rxe8+ Bxe8 23. b4 Ne5 24. Qe2 Ng6 25. Bd2 Be5 26. Qd3 Qf6 27. Re1 Bd7 28. Nge2 Rc8 29. Qf3 Qd6 30. Nf5 Bxf5 31. Qxf5 Rc4 32. Qd3 Re4 33. Rd1 Bh2+ 34. Kf1 Ne5 35. Qc2 Qc6 36. Be3 Rxb4 37. Rxd5 Rb1+ 38. Qxb1 Qxd5 39. Nd4 Nc4 40. Qb3 Bc7 41. Ke2 Bxa5 42. Kd3 Nxe3 43. fxe3 Qxg2 0-1

[Event "USA-CHN Summit"]
[Site "Seattle"]
[Date "2001.03.18"]
[Round "4.3"]
[White "Kaidanov, Gregory S"]
[Black "Peng, Xiaomin"]
[Result "1/2-1/2"]
[WhiteElo "2607"]
[BlackElo "2648"]
[PlyCount "60"]
[EventDate "2001.03.14"]
[EventType "team-tourn"]
[EventRounds "4"]
[EventCountry "USA"]
[SourceTitle "CBM 082"]
[Source "ChessBase"]
[SourceDate "2001.05.17"]
[SourceVersion "1"]
[SourceVersionDate "2001.05.17"]
[SourceQuality "1"]
[WhiteTeam "United States"]
[BlackTeam "China"]
[WhiteTeamCountry "USA"]
[BlackTeamCountry "CHN"]

1. d4 Nf6 2. c4 g6 3. Nc3 d5 4. cxd5 Nxd5 5. Bd2 Bg7 6. e4 Nb6 7. Be3 0-0 8. f4 Nc6 9. d5 Na5 10. Bd4 e5 11. Bxe5 Bxe5 12. fxe5 Qh4+ 13. g3 Qe7 14. Qd4 Rd8 15. b4 Nac4 16. Bxc4 Qxb4 17. Nf3 Qxc4 18. Qe3 c6 19. e6 fxe6 20. Ne5 Qb4 21. 0-0 Nc4 22. Qg5 Qb6+ 23. Kh1 Nxe5 24. Qxe5 exd5 25. Rab1 Qa6 26. Qe7 Bh3 27. Qf7+ Kh8 28. Qf6+ Kg8 29. Qf7+ Kh8 30. Qf6+ Kg8 1/2-1/2